مكتبة جامعة عجلون الوطنية

فهرس بحث المكتبة

Mixed Convection in Casson Hybrid Nanofluid Flow over an Inclined Plate / (Record no. 33571)

MARC details
000 -LEADER
fixed length control field 00720nam a22001817a 4500
003 - CONTROL NUMBER IDENTIFIER
control field JO-AjAnu
005 - DATE AND TIME OF LATEST TRANSACTION
control field 20240709104219.0
008 - FIXED-LENGTH DATA ELEMENTS--GENERAL INFORMATION
fixed length control field 240707b jo ||||| |||| 00| 0 ara d
040 ## - CATALOGING SOURCE
Original cataloging agency JO-AjAnu
Language of cataloging ENG
Transcribing agency JO-AjAnu
041 ## - LANGUAGE CODE
Language code of original ENG
100 #0 - MAIN ENTRY--PERSONAL NAME
Personal name ALJabali, Momen Jaber Hasan
Relator term Prepared
9 (RLIN) 66035
245 ## - TITLE STATEMENT
Title Mixed Convection in Casson Hybrid Nanofluid Flow over an Inclined Plate /
Statement of responsibility, etc. Prepared Momen Jaber Hasan ALjabali - Supervisor Hamzeh Taha Alkasasbeh
260 ## - PUBLICATION, DISTRIBUTION, ETC.
Date of publication, distribution, etc. 2024
300 ## - PHYSICAL DESCRIPTION
Extent 69 paper
500 ## - GENERAL NOTE
General note University thesis (Master’s thesis in mathematics), Ajloun National University (Ajloun, Jordan), College of Science, 2024<br/><br/>
700 #0 - ADDED ENTRY--PERSONAL NAME
Personal name Alkasasbeh, Hamzeh Taha
Relator term Supervisor
9 (RLIN) 66037
942 ## - ADDED ENTRY ELEMENTS (KOHA)
Source of classification or shelving scheme Library of Congress Classification
Koha item type Thesis
Suppress in OPAC No
Holdings
Withdrawn status Lost status Source of classification or shelving scheme Damaged status Not for loan Home library Current library Date acquired Total Checkouts Full call number Barcode Date last seen Price effective from Koha item type
    Library of Congress Classification     مكتبة جامعة عجلون الوطنية مكتبة جامعة عجلون الوطنية 07/07/2024   QA37.2024 E3812 07/07/2024 07/07/2024 Thesis
    Library of Congress Classification     مكتبة جامعة عجلون الوطنية مكتبة جامعة عجلون الوطنية 07/07/2024   QA37.2024 E3811 07/07/2024 07/07/2024 Thesis